[Event "Stuttgart-chA int"]
[Site "Gerlingen"]
[Date "2007.05.20"]
[Round "7"]
[White "Schwan, Rudi"]
[Black "Pietzka, Martin"]
[Result "1/2-1/2"]
[WhiteElo "1948"]
[BlackElo "1715"]
[PlyCount "71"]
[EventDate "2007.05.17"]
[EventType "swiss"]
[EventRounds "7"]
[EventCountry "GER"]
[SourceTitle "EXT 2018"]
[Source "ChessBase"]
[SourceDate "2017.10.13"]
[SourceVersion "1"]
[SourceVersionDate "2017.10.13"]
[SourceQuality "1"]

1. e4 c6 2. d4 d5 3. e5 Bf5 4. Nf3 e6 5. Bd3 Bxd3 6. Qxd3 Ne7 7. 0-0 Nf5 8. b3 Be7 9. Ba3 Bxa3 10. Nxa3 0-0 11. c3 Nd7 12. Nc2 a5 13. Ne3 Nxe3 14. Qxe3 f5 15. Qf4 c5 16. Ng5 Qe7 17. Nf3 Rfc8 18. c4 dxc4 19. d5 exd5 20. bxc4 d4 21. Rab1 b6 22. Qxf5 Rf8 23. Qe4 Rab8 24. Rfe1 Rfd8 25. h4 Nf8 26. e6 h6 27. Qg4 Rd6 28. Re5 Rxe6 29. Rbe1 Re8 30. Rxe6 Nxe6 31. Qe4 Qf7 32. Qc6 Nc7 33. Rxe8+ Nxe8 34. Ne5 Qe7 35. Qd5+ Kh7 36. Qe4+ 1/2-1/2

[Event "Stuttgart-chA int"]
[Site "Gerlingen"]
[Date "2007.05.18"]
[Round "4"]
[White "Grob, Sascha"]
[Black "Schwan, Rudi"]
[Result "0-1"]
[WhiteElo "1768"]
[BlackElo "1948"]
[PlyCount "106"]
[EventDate "2007.05.17"]
[EventType "swiss"]
[EventRounds "7"]
[EventCountry "GER"]
[SourceTitle "EXT 2018"]
[Source "ChessBase"]
[SourceDate "2017.10.13"]
[SourceVersion "1"]
[SourceVersionDate "2017.10.13"]
[SourceQuality "1"]

1. e4 e5 2. Nf3 Nc6 3. Bb5 a6 4. Ba4 Nf6 5. 0-0 b5 6. Bb3 Be7 7. Re1 0-0 8. d4 d6 9. d5 Na5 10. h3 h6 11. Nbd2 Nh7 12. c4 Nxb3 13. axb3 Bd7 14. Nh2 f5 15. exf5 Bxf5 16. Ne4 Bh4 17. Nf3 Be7 18. Bd2 Bd7 19. Bb4 bxc4 20. bxc4 Rb8 21. Bc3 Ra8 22. b4 Qc8 23. Nh2 Ng5 24. Ng3 Rf4 25. Qd3 Qf8 26. Re2 Qf7 27. Bd2 Rd4 28. Qc3 Rf8 29. f4 Rxd2 30. Qxd2 exf4 31. Ne4 f3 32. Nxf3 Nxf3+ 33. gxf3 Bxh3 34. Rf2 Bh4 35. Raf1 Qf5 36. Qe2 Qf4 37. Rh2 Bxf1 38. Qxf1 Qe3+ 39. Kh1 Rxf3 40. Qe2 Qf4 41. Kg1 Bg5 42. Nxg5 Qxg5+ 43. Kh1 Rf8 44. Rg2 Qh4+ 45. Kg1 Qd4+ 46. Kh1 Qc3 47. Qe6+ Kh8 48. Qe7 Kg8 49. Qe6+ Kh7 50. Qe7 Rf4 51. Qe6 Rh4+ 52. Kg1 Qd4+ 53. Kf1 Rf4+ 0-1

[Event "Stuttgart-chA int"]
[Site "Ditzingen"]
[Date "2006.05.27"]
[Round "6"]
[White "Schwan, Rudi"]
[Black "Spielberger, Horst"]
[Result "1/2-1/2"]
[WhiteElo "1963"]
[BlackElo "2066"]
[PlyCount "105"]
[EventDate "2006.05.25"]
[EventType "swiss"]
[EventRounds "7"]
[EventCountry "GER"]
[SourceTitle "EXT 2018"]
[Source "ChessBase"]
[SourceDate "2017.10.13"]
[SourceVersion "1"]
[SourceVersionDate "2017.10.13"]
[SourceQuality "1"]

1. e4 c5 2. Nf3 d6 3. c3 Nf6 4. Be2 Nc6 5. d4 cxd4 6. cxd4 Bd7 7. Nc3 a6 8. 0-0 g6 9. h3 Qc7 10. Be3 Bg7 11. Rc1 Qb8 12. Qd2 0-0 13. Bh6 e5 14. Bxg7 Kxg7 15. d5 Ne7 16. Nh2 b5 17. a3 b4 18. axb4 Qxb4 19. Ng4 Bxg4 20. hxg4 Nxe4 21. Nxe4 Qxe4 22. Bf3 Qa4 23. Rfe1 Rfc8 24. Rc3 Rxc3 25. bxc3 f6 26. g3 Qc4 27. Kg2 Rc8 28. Rh1 Ng8 29. g5 f5 30. Rc1 a5 31. Be2 Qe4+ 32. Bf3 Qa4 33. Be2 Qd7 34. c4 Rc5 35. f4 Qe7 36. Bf3 h6 37. gxh6+ Kh7 38. fxe5 dxe5 39. d6 Qd8 40. Bd5 Nf6 41. Rb1 Nxd5 42. cxd5 Qxd6 43. Rb7+ Kh8 44. Kh3 Qxd5 45. Qxd5 Rxd5 46. Kh4 e4 47. Kg5 Rd6 48. Ra7 Rd8 49. Rxa5 Re8 50. Kxg6 e3 51. Ra1 Rg8+ 52. Kxf5 Rxg3 53. Re1 1/2-1/2

[Event "Stuttgart-chA int"]
[Site "Ditzingen"]
[Date "2006.05.25"]
[Round "1"]
[White "Kues, Jarl Hendrik"]
[Black "Schwan, Rudi"]
[Result "1-0"]
[WhiteElo "2210"]
[BlackElo "1963"]
[PlyCount "75"]
[EventDate "2006.05.25"]
[EventType "swiss"]
[EventRounds "7"]
[EventCountry "GER"]
[SourceTitle "EXT 2018"]
[Source "ChessBase"]
[SourceDate "2017.10.13"]
[SourceVersion "1"]
[SourceVersionDate "2017.10.13"]
[SourceQuality "1"]

1. e4 e5 2. Nf3 Nc6 3. c3 Be7 4. d4 d6 5. Bb5 exd4 6. cxd4 Bd7 7. Nc3 a6 8. Be2 Nf6 9. e5 dxe5 10. dxe5 Ng4 11. Bf4 g5 12. Bg3 Bb4 13. h4 Qe7 14. Nxg5 Ngxe5 15. 0-0 Bxc3 16. bxc3 0-0-0 17. Re1 f6 18. Ne4 Be6 19. Qa4 Rd5 20. Bf1 Rg8 21. c4 Ra5 22. Qc2 h6 23. Nd2 Rd8 24. Nb3 Nd4 25. Qc3 Nxb3 26. axb3 Rxa1 27. Qxa1 Qb4 28. Bxe5 fxe5 29. Rxe5 Bd7 30. Re3 Bc6 31. Qe1 Qf8 32. b4 Qf4 33. b5 axb5 34. cxb5 Bd5 35. g3 Qd6 36. Qa5 b6 37. Bh3+ Be6 38. Rxe6 1-0

[Event "Stuttgart-chA"]
[Site "Stuttgart"]
[Date "2004.??.??"]
[Round "?"]
[White "Csomos, Janos"]
[Black "Schwan, Rudi"]
[Result "0-1"]
[WhiteElo "2065"]
[BlackElo "1910"]
[PlyCount "86"]
[EventDate "2004.05.20"]
[EventType "swiss"]
[EventRounds "7"]
[EventCountry "GER"]
[SourceTitle "EXT 2007"]
[Source "ChessBase"]
[SourceDate "2006.11.23"]
[SourceVersion "1"]
[SourceVersionDate "2006.11.23"]
[SourceQuality "1"]

1. c4 e5 2. Nc3 Nc6 3. g3 Nf6 4. Bg2 Bc5 5. Nf3 e4 6. Nh4 Ne5 7. Nxe4 Nxe4 8. Bxe4 d5 9. Bxd5 c6 10. Bg2 Nxc4 11. Qc2 Be6 12. 0-0 Be7 13. Nf5 0-0 14. Nxe7+ Qxe7 15. d3 Nb6 16. Be3 Rfe8 17. Qc5 Qd7 18. Be4 f5 19. Bg2 Nd5 20. Bd2 f4 21. Bxd5 Bxd5 22. e4 Bxe4 23. Qc4+ Bd5 24. Qxf4 Rf8 25. Qh4 Qf5 26. f4 Qxd3 27. Bc3 Qe4 28. Qh3 Qe3+ 29. Rf2 Rxf4 30. Raf1 Rxf2 31. Rxf2 Rf8 32. Qf1 Rxf2 33. Qxf2 Qe4 34. Kf1 b6 35. a3 h6 36. h4 Qh1+ 37. Ke2 Qe4+ 38. Qe3 Qg2+ 39. Qf2 Bc4+ 40. Ke3 Qd5 41. Qf4 Qd3+ 42. Kf2 Qf1+ 43. Ke3 Qe2+ 0-1